All 80+ Rated Brazilian Players on FIFA 21 - Statistics

General Stats
  • This quiz has been taken 332 times
  • The average score is 27 of 47
Answer Stats
Rating Pos. Club Player % Correct
91 LW PSG Neymar
100%
88 GK Man City Ederson
96%
85 CB Chelsea Thiago Silva
93%
89 CDM Real Madrid Casemiro
92%
87 CF Liverpool Roberto Firmino
91%
87 CDM Liverpool Fabinho
90%
85 CB PSG Marquinhos
89%
90 GK Liverpool Allison
88%
83 ST Man City Gabriel Jesus
82%
85 LB Juventus Alex Sandro
81%
83 LB Real Madrid Marcelo
81%
83 CAM Barcelona Philippe Coutinho
76%
84 LM Bayern Douglas Costa
75%
84 CB Man City Fernandinho
72%
84 LB Man United Alex Telles
71%
83 RM Spurs Lucas Moura
71%
81 ST Everton Richarlison
70%
84 CM Juventus Arthur
69%
83 CAM Shanghai SIPG Oscar
68%
81 CM Man United Fred
64%
82 GK Barcelona Neto
64%
84 CB Atletico Felipe
63%
80 CB Real Madrid Eder Militao
61%
80 CB Arsenal David Luiz
57%
83 CM Guangzhou Paulinho
57%
80 LW Ajax David Neres
56%
82 RW Arsenal Willian
56%
83 CM Everton Allan
55%
81 RM Leeds Raphinha
55%
83 CDM Sevilla Fernando
51%
84 CDM Lazio Lucas Leiva
51%
83 CB Sevilla Diego Carlos
48%
81 LB Atletico Renan Lodi
48%
80 RW Shanghai SIPG Hulk
46%
82 CB Valencia Gabriel Paulista
40%
80 LW Real Madrid Vinicius Jr
36%
81 LW Benfica Everton
32%
81 LM Shakhtar Taison
32%
82 CAM Guangzhou Anderson Talisca
29%
83 CM Beijing Renato Augusto
29%
80 ST Sociedad Willian Jose
29%
81 LB Shakhtar Ismaily
26%
80 CB Suning Miranda
26%
80 RM Porto Otavio
21%
81 LM Porto Felipe Anderson
20%
80 CDM Fenerbahce Luis Gustavo
15%
80 CAM Basaksehir Giuliano
9%
No matching quizzes found
Score Distribution
Percent of People with Each Score
Percentile by Number Answered
Your Score History
You have not taken this quiz